| 000 | 03609nam0a2200505 4500 | ||
|---|---|---|---|
| 001 | RU\NLR\BIBL_A\011965594 | ||
| 005 | 20210921094211.0 | ||
| 010 |
_a978-5-94668-253-4 _9300 |
||
| 021 |
_aRU _bКН-П-20-011223 _9КН-П-20-0881 |
||
| 035 | _a(NLR Aleph) 011965594 | ||
| 035 | _a(NILC)LIBNET\0000933829 | ||
| 035 | _aRU\TOUNB\BIBL\1791889 | ||
| 090 |
_a11228376 _c11228376 |
||
| 100 | _a20190320d2018 k y0rusy50 ca | ||
| 101 | 0 | _arus | |
| 102 | _aRU | ||
| 105 | _aach|z|||000zy | ||
| 200 | 1 |
_aОтблески вечного _eнеизвестные рассказы, эссе, воспоминания, интервью _fБ.К. Зайцев _g[составитель, вступ. ст., подгот. текста и коммент.: Алексей Маркович Любомудров] _gИнститут русской литературы (Пушкинский дом) Российской академии наук |
|
| 210 |
_aСанкт-Петербург _cРосток _d2018 |
||
| 215 |
_a734, [1] с., [8] л. ил., портр., факс. _d21 |
||
| 225 | 1 | _aСерия "Неизвестный XX век" | |
| 320 | _aБиблиогр. в коммент.: с. 560-700 и в подстроч. примеч. | ||
| 320 | _aСписок период. изд.: изд., в которых публ. включ. в дан. кн. тексты Б.К. Зайцева: с. 701-702 | ||
| 320 | _aУказатель имен: с. 703-729 | ||
| 327 | 0 | _aСодерж.: разд.: Рассказы. Главы из романа; Очерки о Франции; Очерки об Италии; Очерки о Финляндии; Статьи и очерки о литературе; Статьи о театре; Мемуарные очерки; Портреты-некрологи; Очерки о духовной и культурной жизни русской эмиграции; Очерки о героях. Лирико-философские эссе. Заметки к церковным праздникам [и др.] | |
| 333 | _aДля детей старше 16 лет; 16+ | ||
| 686 | 2 | _aШ6(2=Р)53я44 | |
| 700 | 1 |
_7ca _8rus _aЗайцев _bБ. К. _cписатель _f1881-1972 _gБорис Константинович _96418 _3RU\NLR\AUTH\7723365 |
|
| 702 | 1 |
_4220 _7ca _8rus _aЛюбомудров _bА. М. _f1958- _gАлексей Маркович _951573 _3RU\NLR\AUTH\7768645 |
|
| 801 | 0 |
_aRU _bТверская ОУНБ _c20181024 _gPSBO |
|
| 801 | 1 |
_aRU _bТверская ОУНБ _c20181024 |
|
| 856 | 4 |
_lVNP_ZGL _tVIEW _uhttps://webservices.nlr.ru/viewer/file?name=a011965594_002.txt _yАннотация |
|
| 856 | 4 |
_lVNP_ZGL _tVIEW _uhttps://webservices.nlr.ru/viewer/file?name=p011965594_003.jpg _x001 _yСтраница |
|
| 856 | 4 |
_lVNP_ZGL _tVIEW _uhttps://webservices.nlr.ru/viewer/file?name=p011965594_004.jpg _x002 _yСтраница |
|
| 856 | 4 |
_lVNP_ZGL _tVIEW _uhttps://webservices.nlr.ru/viewer/file?name=p011965594_005.jpg _x003 _yСтраница |
|
| 856 | 4 |
_lVNP_ZGL _tVIEW _uhttps://webservices.nlr.ru/viewer/file?name=p011965594_006.jpg _x004 _yСтраница |
|
| 856 | 4 |
_lVNP_ZGL _tVIEW _uhttps://webservices.nlr.ru/viewer/file?name=p011965594_007.jpg _x005 _yСтраница |
|
| 856 | 4 |
_lVNP_ZGL _tVIEW _uhttps://webservices.nlr.ru/viewer/file?name=p011965594_008.jpg _x006 _yСтраница |
|
| 856 | 4 | 1 |
_lVNP_ZGL _tVIEW _uhttps://webservices.nlr.ru/viewer/file?name=t011965594_001.jpg _yОбложка |
| 942 | _cBOOK | ||
| 980 | _aNBR | ||
| 980 | _aNB | ||